|
|
|
|
| LEADER |
00000cam a2200000 i 4500 |
| 001 |
1/51636 |
| 008 |
941103s1985 gr | ||| |||| ||gre|| |
| 020 |
|
|
|a 9604314416
|
| 035 |
|
|
|a 1993
|c ΒΙΒΛΙΟΘΗΚΗ
|l 10044195
|
| 040 |
|
|
|a GR-MyUA
|b gre
|e AACR2
|
| 041 |
0 |
|
|a gre
|
| 082 |
0 |
|
|a 516.36
|
| 100 |
1 |
|
|a Ηλιόπουλος, Ερμής-Ανδρέας.
|
| 245 |
1 |
0 |
|a Διαφορίσιμες πολλαπλότητες /
|c Ε.-Α. Ηλιοπούλου, Π. Ταμία-Δημοπούλου.
|
| 260 |
|
|
|a Θεσσαλονίκη :
|b Ζήτη,
|c 1985.
|
| 300 |
|
|
|a 124 σ. ;
|c 24 εκ.
|
| 504 |
|
|
|a Περιέχει βιβλιογραφικές αναφορές.
|
| 650 |
0 |
0 |
|a Geometry, Differential.
|
| 650 |
0 |
0 |
|a Tensor algebra.
|
| 700 |
1 |
|
|a Ταμία-Δημοπούλου, Παρασκευή.
|
| 852 |
|
|
|a INST
|b SAMOS
|e 19941103
|h 516.36 ΗΛΙ
|p 005300003187
|q 005300003187
|t BK
|y 0
|
| 852 |
|
|
|a INST
|b SAMOS
|e 19980519
|h 516.36 ΗΛΙ
|p 005300011473
|q 005300011473
|t BK
|y 0
|
| 852 |
|
|
|a INST
|b SAMOS
|e 19980519
|h 516.36 ΗΛΙ
|p 005300011509
|q 005300011509
|t BK
|y 0
|
| 852 |
|
|
|a INST
|b SAMOS
|e 19980519
|h 516.36 ΗΛΙ
|p 005300011510
|q 005300011510
|t BK
|y 23
|
| 901 |
|
|
|a BIBL3-1998-2
|
| 909 |
|
|
|a Σ
|b 026533
|
| 909 |
|
|
|a Σ
|b 055874
|
| 909 |
|
|
|a Σ
|b 055875
|
| 909 |
|
|
|a Σ
|b 055876
|
| 922 |
|
|
|a 3ΕΛΗ
|b 199805
|c ΚΠΣ
|d EMVASIS
|